Guido Reni, 1575-1642. (Record no. 26056)
[ view plain ]
| 000 -LEADER | |
|---|---|
| fixed length control field | 01464pam a2200325 a 4500 |
| 001 - CONTROL NUMBER | |
| control field | 1965799 |
| 003 - CONTROL NUMBER IDENTIFIER | |
| control field | OSt |
| 005 - DATE AND TIME OF LATEST TRANSACTION | |
| control field | 20170201165142.0 |
| 008 - FIXED-LENGTH DATA ELEMENTS--GENERAL INFORMATION | |
| fixed length control field | 881101s1988 caua bc l000 0 eng |
| 010 ## - LIBRARY OF CONGRESS CONTROL NUMBER | |
| LC control number | 88027259 |
| 020 ## - INTERNATIONAL STANDARD BOOK NUMBER | |
| International Standard Book Number | 8877790539 (Nuova Alfa editoriale) |
| 020 ## - INTERNATIONAL STANDARD BOOK NUMBER | |
| International Standard Book Number | 8877790520 (Nuova Alfa editoriale : pbk.) |
| 040 ## - CATALOGING SOURCE | |
| Original cataloging agency | DLC |
| Transcribing agency | DLC |
| Modifying agency | DLC |
| 050 00 - LIBRARY OF CONGRESS CALL NUMBER | |
| Classification number | ND623.R6 |
| Item number | A4 1988 |
| 082 00 - DEWEY DECIMAL CLASSIFICATION NUMBER | |
| Classification number | 759.5 |
| Edition number | 19 |
| 245 00 - TITLE STATEMENT | |
| Title | Guido Reni, 1575-1642. |
| 260 ## - PUBLICATION, DISTRIBUTION, ETC. (IMPRINT) | |
| Place of publication, distribution, etc. | Los Angeles, Calif. : |
| Name of publisher, distributor, etc. | Los Angeles County Museum of Art ; |
| Place of publication, distribution, etc. | Bologna : |
| Name of publisher, distributor, etc. | Nuova Alfa editoriale, |
| Date of publication, distribution, etc. | c1988. |
| 300 ## - PHYSICAL DESCRIPTION | |
| Extent | xi, 367 p. : |
| Other physical details | ill. (some col.) ; |
| Dimensions | 29 cm. |
| 500 ## - GENERAL NOTE | |
| General note | Catalogue of an exhibition jointly organized by the Pinacoteca nazionale of Bologna and the Los Angeles Museum of Art in association with the Kimbell Art Museum of Fort Worth, Tex. |
| 504 ## - BIBLIOGRAPHY, ETC. NOTE | |
| Bibliography, etc | Bibliography: p. 357-365. |
| 600 10 - SUBJECT ADDED ENTRY--PERSONAL NAME | |
| Personal name | Reni, Guido, |
| Dates associated with a name | 1575-1642 |
| General subdivision | Exhibitions. |
| 700 1# - ADDED ENTRY--PERSONAL NAME | |
| Personal name | Reni, Guido, |
| Dates associated with a name | 1575-1642. |
| 710 2# - ADDED ENTRY--CORPORATE NAME | |
| Corporate name or jurisdiction name as entry element | Los Angeles County Museum of Art. |
| 710 2# - ADDED ENTRY--CORPORATE NAME | |
| Corporate name or jurisdiction name as entry element | Pinacoteca nazionale (Bologna, Italy) |
| 710 2# - ADDED ENTRY--CORPORATE NAME | |
| Corporate name or jurisdiction name as entry element | Kimbell Art Museum. |
| 856 42 - ELECTRONIC LOCATION AND ACCESS | |
| Materials specified | Contributor biographical information |
| Uniform Resource Identifier | <a href="http://www.loc.gov/catdir/bios/jhu052/88027259.html">http://www.loc.gov/catdir/bios/jhu052/88027259.html</a> |
| 856 42 - ELECTRONIC LOCATION AND ACCESS | |
| Materials specified | Publisher description |
| Uniform Resource Identifier | <a href="http://www.loc.gov/catdir/description/jhu051/88027259.html">http://www.loc.gov/catdir/description/jhu051/88027259.html</a> |
| 906 ## - LOCAL DATA ELEMENT F, LDF (RLIN) | |
| a | 7 |
| b | cbc |
| c | orignew |
| d | 1 |
| e | ocip |
| f | 19 |
| g | y-gencatlg |
| 942 ## - ADDED ENTRY ELEMENTS (KOHA) | |
| Source of classification or shelving scheme | |
| Koha item type | Hard Covered Materials |
| Classification part | ND 623 .R6A4 1988 |
No items available.